Markets (Record no. 82302)

MARC details
000 -LEADER
fixed length control field 01060cam a22002055a 4500
001 - CONTROL NUMBER
control field L149854
008 - FIXED-LENGTH DATA ELEMENTS--GENERAL INFORMATION
fixed length control field 100505e2010 xxk 000 0 eng d
035 ## - SYSTEM CONTROL NUMBER
System control number (Sirsi) u149854
041 0# - LANGUAGE CODE
Language code of text/sound track or separate title eng
100 1# - MAIN ENTRY--PERSONAL NAME
Personal name Unger, Paul
245 00 - TITLE STATEMENT
Title Markets
Remainder of title Merseyside
260 ## - PUBLICATION, DISTRIBUTION, ETC.
Date of publication, distribution, etc. 2010
490 #0 - SERIES STATEMENT
Series statement Property Week
Volume/sequential designation 76(16) 23 April 2010, 43-52(5)
520 ## - SUMMARY, ETC.
Summary, etc. Rejuvenation of Liverpool's Pall Mall commercial district has been hit by the breakdown of the proposed joint public-private scheme. Recession has helped historical building conservation in the Ropewalks area of Liverpool. Halton Council is assembling land for a second river Mersey crossing. Peel Ports wants a site of special scientific interest reclassified to enable it to expand its 5m sq ft port warehouse estate at Seaton. The Liverpool hotel market should halt expansion after growing from 16 centrally located hotels in 1998 to 37 in 2009.
590 ## - LOCAL NOTE (RLIN)
Local note KA
651 #4 - SUBJECT ADDED ENTRY--GEOGRAPHIC NAME
Geographic name Merseyside
690 ## - LOCAL SUBJECT ADDED ENTRY--TOPICAL TERM (OCLC, RLIN)
Topical term or geographic name as entry element PROPERTY-COMMERCIAL PROPERTY-COMMERCIAL PROPERTY MARKET
700 1# - ADDED ENTRY--PERSONAL NAME
Personal name Moore, Ashley
942 ## - ADDED ENTRY ELEMENTS (KOHA)
Suppress in OPAC 0
Holdings
Withdrawn status Lost status Source of classification or shelving scheme Damaged status Not for loan Home library Current library Shelving location Date acquired Total Checkouts Full call number Barcode Date last seen Copy number Price effective from Koha item type
    Dewey Decimal Classification     London London Journal article 05/05/2010   L149854 149854-1001 06/08/2019 1 06/08/2019 Journal article